00683cam a22002173a 450000500170000001000300001702000260004703500180007303500130009103700300010408200060013410000160014024500820015626000370023827000770027530000350035249000260038750000120041370000180042570000220044320190808122906.0 a1819CHEN B-719049-9069 a9789352750931c199.00 aB-719049-9069 aB-728550 bBharatiya Sahitya Bhavana aS aKrishna, K. aNo touch /cby K. Krishna ; illustrated by Ayeshe Sadr [and] Ishaan Dasgupta  aGurgaon bScholastic Indiac2017 aA-27, Ground Floor, Sigma Centre, Infocity-I, Sector-34bGurgaone122001 aunpaged :c24cm(Hb)bcol. ill. aThe watch out! series aAirport aSadr, Ayeshe  aDasgupta, Ishaan